00496nam a2200145Ia 4500008004000000082001500040100001600055245004500071260003200116300001100148690002200159906001100181999001700192952014100209210210b1989 xxu||||| |||| 00| 0 eng d a320.5 PRAP aPRASAD (C). aPolitical ideas of Dr. Rammanohar Lohia. aNDbJanaki Prakashan.c1989 aix275p aPolitical Thought a044148 c93458d93458 001040708Political ScienceaALbALcPolitical Scienced2021-02-17g240.00l0o320.5 PRAPp044148r2021-02-17 00:00:00w2021-02-17yBK